000 03942cam a22012734i 4500
003 PE-LiUPU
005 20250813185638.0
008 150617s1984 sp rb 001 0 spa d
020 _a8425414091
020 _a9788425414091
035 _a(Sirsi) i9788425414091
040 _aPE-LiUPU
_bspa
_cPE-LiUPU
_dPE-LiUPU
_erda
049 _aPRUA
082 0 4 _a302
_bT15
_221
100 1 _aTajfe, Henril,
_eautor.
245 1 0 _aGrupos humanos y categorías sociales :
_bEstudios de psicología Social /
_cHenril Tajfe.
264 1 _aBarcelona :
_bEditorial Herder,
_c1984.
300 _a409 páginas ;
_c24 centímetros.
336 _atext
_2rdacontent
337 _aunmediated
_2rdamedia
338 _avolume
_2rdacarrier
490 0 _aBiblioteca de Psicosociología ;
_v15
504 _aBibliografía: páginas 385-400
504 _aÍndice: páginas 169-183.
505 0 _aEl desarrollo de una perspectiva -- Experimentos en el vacío -- Individuos y grupos en psicología social -- La importancia de exagerar -- Diferencias y semejanzas: algunos contextos de juicio -- Aspectos cognoscitivos del prejuicio -- Estereotipos sociales y grupos sociales -- La experiencia del prejuicio -- Los comienzos del etnocentrismo -- Perspectivas internacionales de los niños -- Los atributos de la conducta intergrupal -- Categorización social, identidad social y comparación social -- El logro de la diferencia grupal -- Salida y voz en las relaciones intergrupales -- La psicología de las minorías.
526 _aP202
526 _aP201
526 _aP163
526 _aP162
526 _aP161
526 _aP160
526 _aP148
526 _aP147
526 _aP146
526 _aP145
526 _aP144
526 _aP143
526 _aP142
526 _aP141
526 _aP140
526 _aP139
526 _aP138
526 _aP137
526 _aP136
526 _aP135
526 _aP134
526 _aP133
526 _aP129
526 _aP128
526 _aP127
526 _aP120
526 _aP119
526 _aP118
526 _aP116
526 _aP115
526 _aP114
526 _aP110
526 _aP109
526 _aP108
526 _aP104
526 _aP103
526 _aP102
526 _aP99
526 _aP98
526 _aP97
526 _aP96
526 _aP95
526 _aP93
526 _aP90
526 _aP89
526 _aP88
526 _aP83
526 _aP82
526 _aP62
526 _aP59
526 _aP58
526 _aP57
526 _aP51
526 _aP49
526 _aP48
526 _aP47
526 _aP29
526 _aP24
526 _aP20
526 _aP19
526 _aP17
526 _aP15
526 _aP14
526 _aP12
526 _aP10
526 _aP09
526 _aP08
526 _aP07
526 _aP06
526 _aP05
526 _aP04
526 _aP01
650 0 4 _aPsicología social.
_91880
910 _ajck
_bjvq
_cjck
_d20150616
910 _bksl
_cksl
_d20190620
942 _2ddc
_cBOOK
949 _a301.2 T15
_wDEWEY
_c1
_i24385
_d2016-9-26
_e2016-9-23
_lCCODEBUL1
_mBUL
_n4
_r0
_sY
_tBOOK
_u2015-6-16
_xEDUCACION
_PP20
_0COMPRA
_o.STAFF. Colección Ciencias Humanas y Educación
949 _a302 T15
_wDEWEY
_c1
_i22968
_lCCODEBUL1
_mBUL
_r0
_sY
_tBOOK
_u2015-6-17
_xEDUCACION
_zUNKNOWN
_0COMPRA
_o.STAFF. Colección Ciencias Humanas y Educación
994 _aC0
_bPEPRU
596 _a1
999 _a301.2 T15
_wDEWEY
_c56965
_i24385
_d56965
_e2016-9-23
_f2021-11-8
_g6
_lCCODEBUL1
_mBUL
_n4
_p26.00
_r0
_sY
_tBOOK
_u2015-6-16
_xEDUCACION
_PP20
_0COMPRA
_o.STAFF. Colección Ciencias Humanas y Educación
999 _a302 T15
_wDEWEY
_c1
_i22968
_f2021-11-4
_g5
_lCCODEBUL1
_mBUL
_r0
_sY
_tBOOK
_u2015-6-17
_xBIBLIOTECA
_zUNKNOWN
_0COMPRA
_o.STAFF. Colección General
980 _81
_gALBERTO SANCHEZ Responsable de Automatización